00763 a2200145 4500003000500000005001700005040000900022082001600031100003100047245009400078260004500172300001100217505037900228650001000607Nust20221017122722.0 cNust a617.712,ABI aAbidi,Hussain Akram Saiyed aImage intensifiers and systems for the conquest of darkness /cSaiyed Akram Hussain Abidi aIslamabadbinstitute of optronics c1987 a175 p. aGeneral Introduction (Page-3), Evolution of Image Intensifier Technology (Page-11), Light (Page-21), Vision and Visual Perception (Page-41), Optics for Night Vision Systems (Page-51), The Image Intensifier (Page-67), Key Parameters of Image Intensifier Tubes (Page-101), Night Viewing Systems Based on Image Intensification (Page-123), Low Light Level TV Camera (Page-137). aImage